A Quiz About Dragons - Statistics

General Stats
  • This quiz has been taken 19 times
  • The average score is 6 of 16
Answer Stats
Hint Answer % Correct
What is the name of the multi-headed dragon slain by Hercules? Lernaean {Hydra}
89%
What is the name of the dragon in J.R.R. Tolkien’s 'The Hobbit'? Smaug
89%
In Japanese mythology, dragons are most closely associated with which natural element? Water
84%
In Arthurian legend, which wizard prophesied the battle of the red and white dragons? Merlin
79%
In Harry Potter, what colour is the Hungarian Horntail? Black
68%
Which dragon becomes the Night King’s mount in Game of Thrones? Viserion
32%
What dragon Pokémon evolves from Dratini? Dragonair
26%
What is the name of the dragon defeated by Sigurd in Norse legend? Fáfnir
26%
In Aztec mythology, which feathered serpent is often compared to a dragon? Quetzalcoatl
26%
Which epic hero gains wisdom from the blood of a slain dragon in Norse sagas? Sigurd
21%
What is the name of the dragon summoned by the Dragon Balls? Shenron
16%
Which epic poem features a dragon as the final antagonist for the hero? Beowolf
11%
What is the name of the dragon-like creature on the flag of Bhutan? Druk
11%
What is the Welsh name for the red dragon on Wales’s flag? Y {Ddraig} Goch
11%
What dragon from Slavic mythology is known for having multiple heads? Zmey Gorynych
11%
In Skyrim, what is the language of dragons called? Dovahzul
0%
No matching quizzes found
Score Distribution
Percent of People with Each Score
Percentile by Number Answered
Your Score History
You have not taken this quiz